Prijímanie hospodárskych záverov analýza prostredia je základným predpokladom úspechu

Trojaký pluralitný charakter hospodárskej politiky: pluralita cieľov, nositeľov rozhodovania a záujmov. Ciele v hospodárskej politike. Rastúca tendencia presunu hospodársko-politickej moci a rozhodovacích kompetencií z vlády na štátnu administratívu. Úloha bánk a zväzov ovládajúcich trh práce v tomt...

Descripción completa

Guardado en:
Detalles Bibliográficos
Autor principal: Čunderlík, Dušan
Formato: Capítulo de libro
Lenguaje:eslovaco
Materias:
Etiquetas: Agregar Etiqueta
Sin Etiquetas, Sea el primero en etiquetar este registro!

MARC

LEADER 00000naa a2200000 4500
001 r033608
005 20230824095714.1
041 0 |a slo 
044 |a SK 
245 1 0 |a Prijímanie hospodárskych záverov  |b analýza prostredia je základným predpokladom úspechu  |c Dušan Čunderlík 
520 |a Trojaký pluralitný charakter hospodárskej politiky: pluralita cieľov, nositeľov rozhodovania a záujmov. Ciele v hospodárskej politike. Rastúca tendencia presunu hospodársko-politickej moci a rozhodovacích kompetencií z vlády na štátnu administratívu. Úloha bánk a zväzov ovládajúcich trh práce v tomto presune. Vzájomná koordinácia rozhodnutí hospodárskej politiky. 
610 2 0 |a politika hospodárska 
610 2 0 |a procesy rozhodovacie 
610 2 0 |a rozhodovanie 
610 2 0 |a štát 
610 2 0 |a moc politická 
610 2 0 |a koordinácia 
610 2 0 |a záujmy ekonomické 
610 2 0 |a banky 
610 2 0 |a zväzy zamestnávateľov 
100 1 |a Čunderlík, Dušan